Colorado Rockies Trivia - Statistics

General Stats
  • This quiz has been taken 224 times
  • The average score is 8 of 10
Answer Stats
Hint Answer % Correct
The Rockies' stadium {Coors} Field
98%
Team leader in career home runs Todd Helton
89%
Third baseman who has won six Platinum Glove awards Nolan Arenado
85%
Number of Rockies pitchers who have won 20 games in a season Zero
85%
The only Colorado Rocky in the Hall of Fame, he batted .334 during his Rockies tenure Larry Walker
84%
Rockies shortstop from 2006–2015 Troy Tulowitzki
79%
Rockies shortstop from 2016–2021 Trevor Story
72%
AAA affiliate of the Rockies which fans of "The Simpsons" will recognize Albuquerque {Isotopes}
66%
First baseman who led the MLB in batting average in 1993, hitting .370 Andrés Galarraga
49%
Pitcher who threw the only no-hitter in Rockies history in 2010 Ubaldo Jimenez
49%
No matching quizzes found
Score Distribution
Percent of People with Each Score
Percentile by Number Answered
Your Score History
You have not taken this quiz